Kingdom of the Netherlands : Netherlands Antilles; Selected Issues and Statistical Appendix.

This Selected Issues paper for the Kingdom of the Netherlands reports the Antillean economy lacks natural resources and is open and undiversified, relying mainly on exports of services such as tourism, international financial services, shipping, and oil refining. Exports and domestic consumer spendi...

Disgrifiad llawn

Manylion Llyfryddiaeth
Awdur Corfforaethol: International Monetary Fund
Fformat: Cylchgrawn
Iaith:English
Cyhoeddwyd: Washington, D.C. : International Monetary Fund, 2006.
Cyfres:IMF Staff Country Reports; Country Report ; No. 2006/117
Mynediad Ar-lein:Full text available on IMF
LEADER 01599cas a2200241 a 4500
001 AALejournalIMF004115
008 230101c9999 xx r poo 0 0eng d
020 |c 5.00 USD 
020 |z 9781451801057 
022 |a 1934-7685 
040 |a BD-DhAAL  |c BD-DhAAL 
110 2 |a International Monetary Fund. 
245 1 0 |a Kingdom of the Netherlands :   |b Netherlands Antilles; Selected Issues and Statistical Appendix. 
264 1 |a Washington, D.C. :  |b International Monetary Fund,  |c 2006. 
300 |a 1 online resource (30 pages) 
490 1 |a IMF Staff Country Reports 
500 |a <strong>Off-Campus Access:</strong> No User ID or Password Required 
500 |a <strong>On-Campus Access:</strong> No User ID or Password Required 
506 |a Electronic access restricted to authorized BRAC University faculty, staff and students 
520 3 |a This Selected Issues paper for the Kingdom of the Netherlands reports the Antillean economy lacks natural resources and is open and undiversified, relying mainly on exports of services such as tourism, international financial services, shipping, and oil refining. Exports and domestic consumer spending, both private and public, drove the economic recovery. Economic growth in the United States and the appreciation of the euro against the national currency contributed to the strong performance in the tourism sector. 
538 |a Mode of access: Internet 
830 0 |a IMF Staff Country Reports; Country Report ;  |v No. 2006/117 
856 4 0 |z Full text available on IMF  |u http://elibrary.imf.org/view/journals/002/2006/117/002.2006.issue-117-en.xml  |z IMF e-Library